Sams teach yourself Microsoft Expression Web 2 in 24 hours / (Record no. 47474)
[ view plain ]
| 000 -LEADER | |
|---|---|
| fixed length control field | 00737nam a22002057a 4500 |
| 008 - FIXED-LENGTH DATA ELEMENTS--GENERAL INFORMATION | |
| fixed length control field | 161128b xxu||||| |||| 00| 0 eng d |
| 020 ## - INTERNATIONAL STANDARD BOOK NUMBER | |
| International Standard Book Number | 9780672330292 |
| 050 ## - LIBRARY OF CONGRESS CALL NUMBER | |
| Classification number | TK5105.88 |
| Item number | .R36 2009 |
| 100 ## - MAIN ENTRY--PERSONAL NAME | |
| Personal name | Rand-Hendriksen, Morten. |
| 245 ## - TITLE STATEMENT | |
| Title | Sams teach yourself Microsoft Expression Web 2 in 24 hours / |
| Statement of responsibility, etc | Morten Rand-Hendriksen. |
| 246 ## - VARYING FORM OF TITLE | |
| Title proper/short title | each yourself Microsoft Expression Web 2 in 24 hours |
| 246 ## - VARYING FORM OF TITLE | |
| Title proper/short title | Microsoft Expression Web 2 in 24 hours |
| 260 ## - PUBLICATION, DISTRIBUTION, ETC. (IMPRINT) | |
| Place of publication, distribution, etc | Indianapolis, Ind. : |
| Name of publisher, distributor, etc | Sams, |
| Date of publication, distribution, etc | 2009 |
| 300 ## - PHYSICAL DESCRIPTION | |
| Extent | xii, 465 p. : |
| Other physical details | ill. ; |
| Dimensions | 23 cm. |
| 440 ## - SERIES STATEMENT/ADDED ENTRY--TITLE | |
| Title | Sams teach yourself |
| 500 ## - GENERAL NOTE | |
| General note | Includes index. |
| 630 ## - SUBJECT ADDED ENTRY--UNIFORM TITLE | |
| Relator term | Microsoft Expression Web. |
| 650 ## - SUBJECT ADDED ENTRY--TOPICAL TERM | |
| Topical term or geographic name as entry element | Web sites |
| General subdivision | Authoring programs. |
| 942 ## - ADDED ENTRY ELEMENTS (KOHA) | |
| Source of classification or shelving scheme | Library of Congress Classification |
| Item type | Book |
| Withdrawn status | Lost status | Source of classification or shelving scheme | Damaged status | Not for loan | Collection code | Home library | Current library | Shelving location | Date acquired | Source of acquisition | Cost, normal purchase price | Full call number | Barcode | Copy number | Price effective from | Koha item type |
|---|---|---|---|---|---|---|---|---|---|---|---|---|---|---|---|---|
| Library of Congress Classification | Non-fiction | Nairobi Campus | Nairobi Campus | General Circulation | 28/11/2016 | Donations | 1000.00 | TK5105.88 .R36 2009 | 048900 | 1 | 28/11/2016 | Book |